| 000 | 01227nam a2200349 i 4500 | ||
|---|---|---|---|
| 003 | CO-BoRNBP | ||
| 005 | 20230317205402.0 | ||
| 007 | ta | ||
| 008 | 221116s2022 ck |er ||| 00| 0dspa d | ||
| 020 | _a9789585392687 | ||
| 040 |
_aCO-BoRNBP _bspa _erda _cCO-BoRNBP |
||
| 041 | 0 | _aspa | |
| 043 | _as-ck--- | ||
| 082 |
_a577.22 _bV24m _222 |
||
| 100 | 1 |
_aVelásquez de Castro González, Federico _d1949- _eautor _9440 |
|
| 245 | 1 | 3 |
_aEl medio ambiente _cFederico Velásquez de Castro González |
| 250 | _aEdición especial | ||
| 264 | 1 |
_aBogotá, Colombia _bEditorial Laboratorio Educativo _c2022 |
|
| 300 |
_a130 páginas _c20 cm |
||
| 336 |
_atexto _btxt _2rdacontent |
||
| 337 |
_asin mediación _bn _2rdamedia |
||
| 338 |
_avolumen _bnc _2rdacarrier |
||
| 490 | 0 | _aPlan Nacional de Lectura y Escritura Leer es mi Cuento / Ministerio de Cultura | |
| 504 | _aIncluye referencias bibliográficas | ||
| 521 | _aRecomendado para un público adulto | ||
| 650 | 1 | 7 |
_aMedio ambiente _xEnsayos _2LEMB _9441 |
| 650 | 1 | 7 |
_aCambios climáticos _2LEMB _9442 |
| 650 | 1 | 7 |
_aConservación de los recursos naturales _2LEMB _9443 |
| 650 | 1 | 7 |
_aDeterioro ambiental _2LEMB _9444 |
| 650 | 1 | 7 |
_aEcología _2LEMB _9445 |
| 942 |
_2ddc _cBKLIT |
||
| 999 |
_c9259 _d9259 |
||